01512 2200553 4500001002100000005001500021035002500036007000300061008004100064020002200105040001700127082001800144084002000162090002400182090002200206100002900228245010700257260002600364300004100390500001100431504002900442650002200471700002600493700002100519850001200540999002200552990001700574990001700591990001700608990001700625990001700642990001700659990001700676990001700693990001700710990001700727990002200744990002200766990001700788990001700805990001700822990001700839990001700856990001700873990001700890990001700907990001700924990001700941INLIS00000000002155720200709025930 a0010-071600000000348ta160727s2015 yoia g ind d a978-602-8950-75-6 aYOPDDIYbind04222a641.59598 a641.59598 SRI a aDEP 641.59598 SRI a aCB-D.11 2015-24120 aSri Purnaningsih,d1978-00aAneka hidangan nasi Indonesia /cSri Purnaningsih; penyunitng, Listiana Setyaningrum, Fiki Puspitasari3 aSleman :bKTSP,c2015 aiv, 76 halaman :bilustrasi ;c25 cm aIndeks aBibliografi : halaman 74 4aMasakan Indonesia0 aListiana Setyaningrum0 aFiki Puspitasari aYOPDYOG aCB-D.11/2015-2412 a7379-KS/B.16 a7380-KS/B.16 a7381-KS/B.16 a7382-KS/B.16 a7383-KS/B.16 a7384-KS/B.16 a7385-KS/B.16 a7386-KS/B.16 a7387-KS/B.16 a7388-KS/B.16 aCB-D.11/2015-2412 aCB-D.11/2015-2412 a7379-KS/B.16 a7380-KS/B.16 a7381-KS/B.16 a7382-KS/B.16 a7383-KS/B.16 a7384-KS/B.16 a7385-KS/B.16 a7386-KS/B.16 a7387-KS/B.16 a7388-KS/B.16